| 000 | 00324nam a2200133 a 4500 | ||
|---|---|---|---|
| 001 | 4993 | ||
| 003 | CDMR | ||
| 005 | 20130116135303.0 | ||
| 008 | 130130s1989||||||||||||||||||||||||||||d | ||
| 040 |
_aCDMR _bcat _cCPC GIRONA |
||
| 245 | 3 |
_aLa Rioja 90 _bGuia de la comunicación |
|
| 260 |
_c1989 _bGobierno de La Rioja |
||
| 942 | _cMON | ||
| 999 |
_c4993 _d4993 |
||